Environmental Biology/ (Record no. 2008)
[ view plain ]
| 000 -LEADER | |
|---|---|
| fixed length control field | 00465nam a2200169Ia 4500 |
| 005 - DATE AND TIME OF LATEST TRANSACTION | |
| control field | 20241209154705.0 |
| 008 - FIXED-LENGTH DATA ELEMENTS--GENERAL INFORMATION | |
| fixed length control field | 200919s9999||||xx |||||||||||||| ||und|| |
| 020 ## - INTERNATIONAL STANDARD BOOK NUMBER | |
| International Standard Book Number | 9788121908597 |
| 050 ## - LIBRARY OF CONGRESS CALL NUMBER | |
| Classification number | QH308 VER |
| 082 ## - DEWEY DECIMAL CLASSIFICATION NUMBER | |
| Classification number | 574.5 |
| Item number | VER-E |
| 100 ## - MAIN ENTRY--PERSONAL NAME | |
| Personal name | Verma P S. |
| 245 #0 - TITLE STATEMENT | |
| Title | Environmental Biology/ |
| Remainder of title | principles of ecology |
| 260 ## - PUBLICATION, DISTRIBUTION, ETC. | |
| Place of publication, distribution, etc. | New Delhi |
| Name of publisher, distributor, etc. | S Chand & Company Limited |
| Date of publication, distribution, etc. | 2007 |
| 300 ## - PHYSICAL DESCRIPTION | |
| Extent | vii.591p |
| Other physical details | ill. |
| Dimensions | 21.5cm |
| 700 ## - ADDED ENTRY--PERSONAL NAME | |
| Personal name | Agarwal, V.K. |
| 942 ## - ADDED ENTRY ELEMENTS (KOHA) | |
| Source of classification or shelving scheme | Library of Congress Classification |
| Koha item type | Books |
| Suppress in OPAC | No |
| 999 ## - | |
| -- | 2008 |
| -- | 2008 |
| Withdrawn status | Lost status | Source of classification or shelving scheme | Damaged status | Not for loan | Collection | Home library | Current library | Shelving location | Date acquired | Total checkouts | Full call number | Barcode | Date last seen | Copy number | Price effective from | Koha item type |
|---|---|---|---|---|---|---|---|---|---|---|---|---|---|---|---|---|
| Library of Congress Classification | Non-fiction | Science Library (Miotso) | Science Library (Miotso) | General stacks | 12/09/2024 | QH308 VER | SLM00001188 | 12/09/2024 | 1 | 12/09/2024 | Books | |||||
| Library of Congress Classification | Non-fiction | Science Library (Miotso) | Science Library (Miotso) | General stacks | 12/09/2024 | QH308 VER | SLM00001189 | 12/09/2024 | 2 | 12/09/2024 | Books | |||||
| Library of Congress Classification | Non-fiction | Science Library (Miotso) | Science Library (Miotso) | General stacks | 12/09/2024 | QH308 VER | SLM00001190 | 12/09/2024 | 3 | 12/09/2024 | Books | |||||
| Library of Congress Classification | Non-fiction | Science Library (Miotso) | Science Library (Miotso) | General stacks | 12/09/2024 | QH308 VER | SLM00001191 | 12/09/2024 | 4 | 12/09/2024 | Books |